000 01004nam a2200301 i 4500
999 _c200451770
_d69982
003 TR-AnTOB
005 20230208143726.0
007 ta
008 230208s2021 tu a 000$ tturud
020 _a9786059310666
040 _aTR-AnTOB
_beng
_erda
_cTR-AnTOB
041 0 _atur
050 4 _aHG1710
_b.D67 2021
090 0 0 _aHG1710
_b.D67 2021
100 1 _aDoruk, Ömer Tuğsal
_eauthor
_997064
245 1 0 _aAkıllı sözleşmeler, blokzincir teknolojisi ve sermaye piyasası etkinliği :
_bpotansiyel bir deneme /
_cÖmer Tuğsal Doruk.
264 1 _aİstanbul :
_bİktisadi Araştımalar Vakfı Yayınları,
_c2021.
300 _a73 pages :
_ctables, graphs ;
_b23 cm
336 _atext
_btxt
_2rdacontent
337 _aunmediated
_bn
_2rdamedia
338 _avolume
_bnc
_2rdacarrier
504 _aBIB
650 7 _aSermaye piyasası
_2etuturkob
_93696
650 0 _aElektronik fon transferleri
_9122357
653 _aAkıllı sözleşmeler
942 _2lcc
_cBK